• AIU
  • Tony Wilmot Memorial Library

Ancient China, (Record no. 58312)

MARC details
000 -LEADER
fixed length control field 00826cam a22002651 4500
001 - CONTROL NUMBER
control field 2645187
003 - CONTROL NUMBER IDENTIFIER
control field OSt
005 - DATE AND TIME OF LATEST TRANSACTION
control field 20140115090059.0
008 - FIXED-LENGTH DATA ELEMENTS--GENERAL INFORMATION
fixed length control field 731207s1967 nyuab b 000 0 eng
010 ## - LIBRARY OF CONGRESS CONTROL NUMBER
LC control number 67030847
040 ## - CATALOGING SOURCE
Original cataloging agency DLC
Transcribing agency DLC
Modifying agency DLC
043 ## - GEOGRAPHIC AREA CODE
Geographic area code a-cc---
050 00 - LIBRARY OF CONGRESS CALL NUMBER
Classification number DS723
Item number .S3
082 00 - DEWEY DECIMAL CLASSIFICATION NUMBER
Classification number 913.31/03
100 1# - MAIN ENTRY--PERSONAL NAME
Personal name Schafer, Edward H.
9 (RLIN) 23977
245 10 - TITLE STATEMENT
Title Ancient China,
Statement of responsibility, etc by Edward H. Schafer and the editors of Time-Life Books.
260 ## - PUBLICATION, DISTRIBUTION, ETC. (IMPRINT)
Place of publication, distribution, etc New York,
Name of publisher, distributor, etc Time-Life Books
Date of publication, distribution, etc [1967]
300 ## - PHYSICAL DESCRIPTION
Extent 191 p.
Other physical details illus. (part col.), col. maps.
Dimensions 28 cm.
490 0# - SERIES STATEMENT
Series statement Great ages of man; a history of the world's cultures
504 ## - BIBLIOGRAPHY, ETC. NOTE
Bibliography, etc Bibliography: p. 186.
651 #0 - SUBJECT ADDED ENTRY--GEOGRAPHIC NAME
Geographic name China
General subdivision Civilization.
9 (RLIN) 23978
710 2# - ADDED ENTRY--CORPORATE NAME
Corporate name or jurisdiction name as entry element Time-Life Books.
9 (RLIN) 23979
906 ## - LOCAL DATA ELEMENT F, LDF (RLIN)
a 7
b cbc
c orignew
d u
e ocip
f 19
g y-gencatlg
942 ## - ADDED ENTRY ELEMENTS (KOHA)
Source of classification or shelving scheme Library of Congress Classification
Koha item type Books
Holdings
Withdrawn status Lost status Source of classification or shelving scheme Damaged status Not for loan Collection code Home library Current library Shelving location Date acquired Source of acquisition Cost, normal purchase price Total Checkouts Full call number Barcode Date last seen Copy number Price effective from Koha item type
    Library of Congress Classification     General Circulation AIU/NEGST - Tony Wilmot Memorial Library AIU/NEGST - Tony Wilmot Memorial Library General Stacks 01/15/2014 donation 20.00   DS 723 .S3 1967 R36020J3232 09/02/2019 1 01/15/2014 Books